[Event "45th Olympiad 2024"]
[Site "Budapest HUN"]
[Date "2024.09.14"]
[Round "4.82"]
[Board "1"]
[White "Mahamat Hachim Bachar"]
[Black "Houssein, Mohamed Bilal"]
[Result "0-1"]
[WhiteElo "1872"]
[BlackElo "1870"]
[PlyCount "128"]
[EventDate "2024.09.11"]
[WhiteTeam "Chad"]
[BlackTeam "Djibouti"]
[WhiteTeamCountry "CHD"]
[BlackTeamCountry "DJI"]

1. e4 c5 2. g3 d5 3. Bg2 dxe4 4. Bxe4 Nf6 5. Bg2 Nc6 6. Ne2 e5 ({RR} 6... Nd4 7. Nbc3 Bg4 8. h3 Bf3 9. O-O e6 10. d3 Be7 11. Be3 O-O 12. Bxf3 Nxf3+ 13. Kg2 Nd4 14. Ne4 Qd5 15. Nf4 Qc6 16. Bxd4 cxd4 17. Qf3 Nxe4 18. Qxe4 Rac8 19. Rac1 Qxe4+ 20. dxe4 Bg5 21. e5 {½-½ Baskakov,E (2215)-Movahed,S (2450) Titled Tue 2nd Jan Early 2024 (11)}) 7. d3 Be7 8. O-O O-O 9. h3 $146 ({RR} 9. Nbc3 Bg4 10. b3 Qd7 11. Bb2 Bh3 12. Re1 Bxg2 13. Kxg2 Rfe8 14. Ng1 Rad8 15. Nf3 Bf8 16. Nd2 Nd5 17. Nxd5 Qxd5+ 18. Kg1 f6 19. Qg4 Nd4 20. Bxd4 cxd4 21. Ne4 Qf7 22. Qf5 Qd7 23. Qh5 f5 {0-1 Machado,W (1692)-Ramos,A (1953) Guanabara CC/TTC op 1st 2018 (3)}) 9... Be6 10. Nbc3 Qd7 11. Kh2 h6 12. Be3 Nd4 13. f4 Nd5 14. Nxd5 Bxd5 15. Bxd5 Qxd5 16. Nc3 Qe6 17. Bxd4 cxd4 18. f5 Qc6 19. Ne4 Rac8 20. Rf2 Bg5 21. f6 Bxf6 22. Qh5 Bg5 23. Nxg5 hxg5 24. Qxg5 f5 25. Re1 e4 26. Ree2 Qe6 27. a3 e3 28. Rf4 Qe5 29. Re4 Qd5 30. Qh5 Rf6 31. Rf4 Qd6 32. Rxf5 Rcf8 33. Rxf6 Qxf6 34. Qd5+ Kh8 35. Rg2 Rf7 36. c3 dxc3 37. bxc3 Kg8 38. d4 Qe7 39. Qe5 Qxe5 40. dxe5 Re7 41. Re2 Rxe5 42. Kg2 Ra5 43. Rxe3 Rxa3 44. Kf2 Kf7 45. Rd3 Ke6 46. g4 a5 47. Ke2 Ra2+ 48. Rd2 Rxd2+ 49. Kxd2 Ke5 50. Kd3 b5 51. g5 Kf5 52. h4 Kg4 53. Kd4 a4 54. c4 bxc4 55. Kxc4 Kxh4 56. g6 Kg5 57. Kb4 Kxg6 58. Kxa4 Kf5 59. Kb3 Kf4 60. Kc3 Kf3 61. Kd2 Kf2 62. Kd3 g5 63. Ke4 g4 64. Kf4 g3 0-1

[Event "45th Olympiad 2024"]
[Site "Budapest HUN"]
[Date "2024.09.14"]
[Round "4.82"]
[Board "2"]
[White "Omar, Aden Omar"]
[Black "Abdelaziz Bokhit, Badjoiri"]
[Result "1-0"]
[WhiteElo "1779"]
[BlackElo "1778"]
[PlyCount "77"]
[EventDate "2024.09.11"]
[WhiteTeam "Djibouti"]
[BlackTeam "Chad"]
[WhiteTeamCountry "DJI"]
[BlackTeamCountry "CHD"]

1. e4 e5 2. Nf3 Nc6 3. Bc4 Bc5 4. c3 h6 5. d4 exd4 6. cxd4 Bb6 7. Nc3 d6 8. h3 Nge7 9. O-O O-O 10. Be3 Kh8 $146 ({RR} 10... Ng6 11. Re1 a6 12. a3 Bd7 13. Qd3 Nce7 14. Rad1 Qc8 15. Nd2 c6 16. f4 d5 17. exd5 Bf5 18. Qf1 cxd5 19. Nxd5 Bd8 20. Nxe7+ Bxe7 21. Nf3 Qd7 22. Ne5 Qc8 23. Rc1 Qe8 24. Nxg6 Bxg6 25. f5 {1-0 Nowak,M (1926)-Piechota,J (1323) Poznan op 23rd 2015 (1)}) ({RR} 10... a6 11. a3 Ba7 12. Qd2 b5 13. Ba2 b4 14. Nd5 a5 15. axb4 Ba6 16. Rfc1 axb4 17. Nxb4 Nxb4 18. Qxb4 Bb6 19. Bc4 Bxc4 20. Qxc4 d5 21. exd5 Nxd5 22. Bd2 Nf6 23. Bb4 Re8 24. Bc5 Qd5 25. Qxd5 {½-½ Merino Vanegas,S (1136)-Ramirez Girado,J COL-ch U20 Barranquilla 2022 (9)}) 11. Qd2 Ng8 12. Rad1 f5 13. Bd3 Nb4 14. Bb1 fxe4 15. Nxe4 Nd5 16. Ng3 Bxh3 17. Qd3 Ngf6 18. gxh3 Qd7 19. Kg2 Rae8 20. Nh4 Rf7 21. a3 Kg8 22. Ba2 Rfe7 23. Ng6 Re6 24. Nf4 Qc6 25. Kh2 Nxf4 26. Bxf4 d5 27. Nf5 Re4 28. Be5 Qe6 29. Qf3 Rxe5 30. dxe5 Qxe5+ 31. Kh1 Qxb2 32. Bxd5+ Nxd5 33. Qxd5+ Kh7 34. Rg1 Rg8 35. Nxh6 Rf8 36. Qe4+ Kh8 37. Nf7+ Kg8 38. Ng5 Rf6 39. Rd8+ 1-0

[Event "45th Olympiad 2024"]
[Site "Budapest HUN"]
[Date "2024.09.14"]
[Round "4.82"]
[Board "3"]
[White "Adam, Jamal"]
[Black "Mohamed, Ali Dima"]
[Result "1/2-1/2"]
[WhiteElo "2013"]
[BlackElo "1761"]
[PlyCount "100"]
[EventDate "2024.09.11"]
[WhiteTeam "Chad"]
[BlackTeam "Djibouti"]
[WhiteTeamCountry "CHD"]
[BlackTeamCountry "DJI"]

1. d4 d5 2. c4 e6 3. Nf3 a6 4. Nbd2 Nf6 5. e3 ({RR} 5. g3 b6 6. Bg2 Bb7 7. Ne5 Be7 8. O-O O-O 9. Qc2 c5 10. cxd5 exd5 11. Rd1 Nbd7 12. Ndc4 cxd4 13. Nxd7 Nxd7 14. Rxd4 Bf6 15. Rd1 Rc8 16. Bxd5 Bxd5 17. Rxd5 b5 18. Qd1 bxc4 19. Rxd7 Qb6 {1-0 Mamedyarov,S (2782)-Van Foreest,J (2688) Zagreb GCT Blitz 2021 (12)}) 5... dxc4 6. Bxc4 b5 7. Bd3 $146 ({RR} 7. Be2 Bb7 8. b3 c5 9. Bb2 cxd4 10. Nxd4 Be7 11. O-O Nbd7 12. Bf3 Bxf3 13. Qxf3 Ne5 14. Qg3 Ng6 15. Rfd1 O-O 16. a4 bxa4 17. Rxa4 Qb6 18. Nc4 Qb7 19. Na5 Qe4 20. Rc1 Rfc8 21. Ndc6 Qd3 {1-0 Marn,J (2341)-Bongo Akanga Ndjila,B (1824) Titled Tue 13th Feb Early 2024 (5)}) 7... c5 8. O-O Bb7 9. a4 c4 10. Be2 Bd6 11. axb5 axb5 12. Rxa8 Bxa8 13. b3 c3 14. Bxb5+ Nbd7 15. Nc4 Bb4 16. Ba3 Bxa3 17. Nxa3 Qa5 18. Nc4 Qb4 19. Nfe5 Ke7 20. Bc6 Nxe5 21. Nxe5 Qd6 22. Bxa8 Rxa8 23. Qf3 Rc8 24. Rc1 Rc7 25. h3 Qa3 26. Qd1 Nd5 27. Nc4 Qa2 28. Qc2 Qxc2 29. Rxc2 Rb7 30. e4 Nf4 31. Kh2 Rxb3 32. Na5 Rb2 33. Rxc3 Rxf2 34. Kg3 Rf1 35. Re3 g5 36. Nc6+ Kd6 37. Ne5 Ke7 38. Nf3 f6 39. h4 h6 40. hxg5 fxg5 41. d5 exd5 42. exd5+ Kd6 43. Re1 Rxe1 44. Nxe1 Kxd5 45. Kg4 Ke4 46. g3 Nd3 47. Nxd3 Kxd3 48. Kh5 Ke4 49. Kxh6 Kf3 50. Kxg5 Kxg3 1/2-1/2

[Event "45th Olympiad 2024"]
[Site "Budapest HUN"]
[Date "2024.09.14"]
[Round "4.83"]
[Board "1"]
[White "KIGIGHA, Bomo Lovet"]
[Black "Koumba, Mounguen Jose Evrard"]
[Result "1-0"]
[WhiteElo "2217"]
[BlackElo "1957"]
[PlyCount "71"]
[EventDate "2024.09.11"]
[WhiteTeam "Nigeria"]
[BlackTeam "Gabon"]
[WhiteTeamCountry "NGR"]
[BlackTeamCountry "GAB"]

1. c4 e5 2. g3 c6 3. Nf3 e4 4. Nd4 d5 5. cxd5 cxd5 6. Bg2 Nc6 7. Nxc6 bxc6 8. O-O Nf6 9. Nc3 Bc5 10. d3 exd3 11. Qxd3 a5 $146 ({RR} 11... O-O 12. Na4 Be7 13. Be3 Qa5 14. b3 Ba6 15. Qc2 Bb5 16. Nc3 Rac8 17. Bh3 Rc7 18. Rfd1 Rd8 19. a3 c5 20. Rac1 Bc6 21. Nb1 d4 22. b4 Qa6 23. Bf4 Rb7 24. bxc5 Ba4 25. Qd3 Bb5 26. Qc2 {1-0 Laszewicz,P (2077)-Komendecki,J (2111) POL-chT3 Dolnoslaskie 1718 2017 (4.26)}) 12. Bg5 O-O 13. Qc2 Be7 14. Rfd1 Ra7 15. Na4 Bd7 16. Rac1 h6 17. Bxf6 Bxf6 18. e4 Qb8 19. b3 Rc8 20. Nc5 d4 21. Nxd7 Rxd7 22. Bh3 Qa7 23. Qc5 Qc7 24. Bxd7 Qxd7 25. e5 Bg5 26. Rc4 Be7 27. Qxd4 Qe6 28. Qg4 f5 29. exf6 Qxg4 30. Rxg4 Bxf6 31. Rc4 c5 32. Rd5 Be7 33. Rd7 Kf7 34. Re4 Re8 35. Ra7 a4 36. Raxa4 1-0

[Event "45th Olympiad 2024"]
[Site "Budapest HUN"]
[Date "2024.09.14"]
[Round "4.83"]
[Board "2"]
[White "Bongo Akanga Ndjila, Barthelemy"]
[Black "OSUNFUYI, Abimbola"]
[Result "0-1"]
[WhiteElo "1894"]
[BlackElo "2164"]
[PlyCount "80"]
[EventDate "2024.09.11"]
[WhiteTeam "Gabon"]
[BlackTeam "Nigeria"]
[WhiteTeamCountry "GAB"]
[BlackTeamCountry "NGR"]

1. d4 d5 2. c4 e6 3. Nc3 Nf6 4. Bg5 Bb4 5. e3 Nbd7 6. a3 Bxc3+ 7. bxc3 O-O ({RR} 7... c5 8. Bxf6 Qxf6 9. cxd5 exd5 10. Nf3 O-O 11. Bd3 Nb6 12. Ne5 c4 13. Bc2 Bf5 14. O-O Bxc2 15. Qxc2 Qe6 16. Rfb1 Nd7 17. Rxb7 Nxe5 18. dxe5 Qxe5 19. Qd2 Rfb8 20. Rab1 Rxb7 21. Rxb7 h6 22. h3 {1-0 Huebner,R (2595)-Landenbergue,C (2385) Nuremberg rapid 1990 (13)}) 8. Nf3 c5 ({RR} 8... dxc4 9. Bxc4 a6 10. a4 Nb6 11. Bd3 Nbd5 12. Qc2 h6 13. Bh4 c5 14. O-O Bd7 15. Ne5 Rc8 16. Qb2 Qc7 17. Rfb1 Bc6 18. Bg3 Qa5 19. Rc1 cxd4 20. cxd4 Nb4 21. Be2 Ne4 22. Nxc6 Rxc6 23. Rxc6 {1-0 Valgmae,T (2270)-Herpai,J (2205) Titled Tue 23rd Jan Early 2024 (11)}) 9. cxd5 $146 ({RR} 9. Bd3 h6 10. Bxf6 Qxf6 11. O-O b6 12. e4 dxc4 13. Bxc4 Bb7 14. Re1 Rac8 15. Qb3 cxd4 16. cxd4 Rfe8 17. Rad1 e5 18. Bb5 Bc6 19. Ba6 Rc7 20. d5 Nc5 21. Qc4 Nxa6 {1-0 Wijesuriya,S (2005)-Liang,H Asia-chT fin 01st (Women) 1995 (1)}) 9... exd5 10. Bd3 Qa5 11. O-O c4 12. Bc2 Qxc3 13. Ne5 Nxe5 14. Bxf6 Nd3 15. Bh4 Bf5 16. Ra2 Qa5 17. Bb1 Rfe8 18. Qf3 Bg6 19. Rd1 Rac8 20. Qh3 Qa4 21. Bc2 Qc6 22. f4 Be4 23. f5 f6 24. g4 b5 25. Bxd3 Bxd3 26. g5 fxg5 27. Bxg5 Qd7 28. Rf2 Rf8 29. Qg3 Rxf5 30. Bf4 Rcf8 31. Qg4 R8f6 32. Rg2 Rg6 33. Qh3 Rxg2+ 34. Qxg2 Rf6 35. Kf2 Be4 36. Qg3 Rg6 37. Qh4 Rg2+ 38. Kf1 h6 39. Qh5 c3 40. Qe5 Qh3 0-1

[Event "45th Olympiad 2024"]
[Site "Budapest HUN"]
[Date "2024.09.14"]
[Round "4.84"]
[Board "1"]
[White "Kabamwanishi, Mashala"]
[Black "Ayyad, Husain"]
[Result "0-1"]
[WhiteElo "1914"]
[BlackElo "2129"]
[PlyCount "79"]
[EventDate "2024.09.11"]
[WhiteTeam "Democratic Republic of the Congo"]
[BlackTeam "Bahrain"]
[BlackTeamCountry "BHN"]

1. e4 e5 2. Nc3 Nc6 3. Bc4 Nf6 4. d3 Na5 5. a3 Nxc4 6. dxc4 Bc5 7. Qd3 $146 ({RR} 7. Nf3 d6 8. O-O a6 9. Qe2 Be6 10. b3 Qe7 11. Be3 Bxe3 12. Qxe3 O-O 13. Nh4 c6 14. a4 Rad8 15. Rad1 d5 16. exd5 cxd5 17. Qxe5 Ng4 18. Qg3 dxc4 19. bxc4 Qc5 20. h3 Nf6 21. Nf3 Qxc4 {1-0 Strikovic,A (2490)-Howell,J (2440) Seville op 1989}) ({RR} 7. Nf3 d6 8. Qe2 h6 9. Be3 Bxe3 10. Qxe3 b6 11. O-O-O Be6 12. Nxe5 Qc8 13. Nf3 O-O 14. b3 Re8 15. Nd4 a6 16. f3 Nd7 17. g4 Nc5 18. Rhg1 Kh7 19. f4 b5 20. f5 Bd7 21. g5 Bxf5 {1-0 Dubov,D (2707)-Oparin,G (2676) Chess.com Classic Play-In 2024 (8.7)}) ({RR} 7. Nf3 d6 8. h3 h6 9. Qe2 c6 10. Be3 Bxe3 11. Qxe3 O-O 12. g4 d5 13. exd5 cxd5 14. O-O-O e4 15. Nxe4 Nxe4 16. Rxd5 Qb6 17. Qxe4 Qxf2 18. Nd4 b6 19. Rd1 Ba6 20. Nf5 Rae8 21. Qd4 Qxd4 {½-½ Janev,E (2405)-Van Hoolandt,P (2237) Cutro op 10th 2004 (6)}) 7... O-O 8. Be3 Bxe3 9. Qxe3 d6 10. Nge2 Be6 11. b3 Ng4 12. Qd3 f5 13. f3 Nh6 14. exf5 Nxf5 15. Ne4 Qe7 16. O-O c6 17. N2g3 Rad8 18. Nxf5 Bxf5 19. Qe3 d5 20. cxd5 cxd5 21. Nd2 d4 22. Qe2 d3 23. cxd3 Bxd3 24. Qe3 Bxf1 25. Kxf1 Qd7 26. Ke2 Qb5+ 27. Nc4 e4 28. Kf2 exf3 29. gxf3 Rde8 30. Qd3 Qc5+ 31. Kg2 b5 32. Nd2 Qg5+ 33. Kh1 Rd8 34. Ne4 Rxd3 35. Nxg5 Rxb3 36. Kg2 h6 37. Ne6 Rfxf3 38. Nd4 Rxa3 39. Rb1 Rfd3 40. Nxb5 0-1

[Event "45th Olympiad 2024"]
[Site "Budapest HUN"]
[Date "2024.09.14"]
[Round "4.84"]
[Board "2"]
[White "Ayyad, Maher"]
[Black "Mimbasa Kutesa, Willy"]
[Result "1-0"]
[WhiteElo "1980"]
[BlackElo "1848"]
[PlyCount "103"]
[EventDate "2024.09.11"]
[WhiteTeam "Bahrain"]
[BlackTeam "Democratic Republic of the Congo"]
[WhiteTeamCountry "BHN"]

1. d4 d5 2. Nf3 Nc6 3. c4 Bg4 4. cxd5 Bxf3 5. gxf3 Qxd5 6. e3 e6 7. Nc3 Bb4 8. Bd2 ({RR} 8. Rg1 Nge7 9. a3 Bxc3+ 10. bxc3 Qh5 11. h3 O-O 12. f4 Qxd1+ 13. Kxd1 Na5 14. Rb1 b6 15. Ba6 Nc8 16. a4 Rd8 17. Ke2 Nd6 18. h4 Rd7 19. h5 Rad8 20. f3 f6 21. e4 f5 22. Bd3 Rf7 {1-0 LCZero0.31-dag-5350a2e-BT4-61 (3634)-Stockfishdev-20240513-e608eab (3662) TCEC 26 Superfinal 2024 (25.1)}) 8... Bxc3 9. bxc3 Nge7 10. e4 Qh5 $146 ({RR} 10... Qd7 11. Rb1 b6 12. f4 f5 13. f3 Ng6 14. h4 fxe4 15. h5 e3 16. hxg6 exd2+ 17. Qxd2 h6 18. Qe3 Ne7 19. Bh3 Nxg6 20. f5 Ne7 21. Qxe6 Qc6 22. Kd2 Rf8 23. Rbe1 Qxe6 24. Rxe6 Kd7 25. Rhe1 {1-0 Krasiewicz,R (2097)-Kowalewska,A (1630) Warsaw Four Seasons op 3rd 2010 (9)}) 11. Bg2 O-O 12. O-O Ng6 13. f4 Qh4 14. Qf3 Qf6 15. Qg3 Na5 16. e5 Qf5 17. Rfc1 Nc4 18. Be3 Nb2 19. Bh3 Qe4 20. Qg2 Qxg2+ 21. Bxg2 Nd3 22. Rcb1 Ndxf4 23. Bxf4 Nxf4 24. Bxb7 Rab8 25. Bf3 Rb6 26. Rb3 Rfb8 27. Rab1 g5 28. Kf1 h5 29. Be4 Kf8 30. f3 Ke7 31. Kf2 Kd7 32. Ke3 a5 33. c4 a4 34. Rxb6 Rxb6 35. Rxb6 cxb6 36. a3 Ng2+ 37. Kf2 Nh4 38. Bc2 Nf5 39. Bxf5 exf5 40. f4 g4 41. Kg3 f6 42. Kh4 Ke7 43. Kxh5 Kf7 44. Kh6 fxe5 45. dxe5 b5 46. cxb5 Ke6 47. b6 Kd7 48. e6+ Kxe6 49. b7 Kd5 50. b8=Q Ke4 51. Qe5+ Kf3 52. Qxf5 1-0

[Event "45th Olympiad 2024"]
[Site "Budapest HUN"]
[Date "2024.09.14"]
[Round "4.84"]
[Board "3"]
[White "Kasongo Kazadi Olivier"]
[Black "Monther, Alfardan"]
[Result "0-1"]
[WhiteElo "1794"]
[BlackElo "1834"]
[PlyCount "72"]
[EventDate "2024.09.11"]
[WhiteTeam "Democratic Republic of the Congo"]
[BlackTeam "Bahrain"]
[BlackTeamCountry "BHN"]

1. d4 d5 2. Bf4 Nf6 3. e3 e6 4. Nf3 Bd6 5. Bg3 c5 6. c3 O-O 7. Bd3 Nc6 8. Nbd2 c4 9. Bc2 b5 10. a3 Qc7 $146 ({RR} 10... Bb7 11. Ne5 Bxe5 12. dxe5 Nd7 13. f4 f6 14. O-O fxe5 15. fxe5 Rxf1+ 16. Nxf1 Ndxe5 17. Bxe5 Nxe5 18. Bxh7+ Kxh7 19. Qh5+ Kg8 20. Qxe5 Qf6 21. Qc7 Rf8 22. h3 Qf2+ 23. Kh2 Qxb2 24. Re1 Qxc3 25. Rb1 {0-1 Khalouei Koupaei,A (1308)-Mahdizadeh,S (1144) IRI-ch U10 Chess.com INT 2021 (11)}) ({RR} 10... a5 11. e4 dxe4 12. Nxe4 Nxe4 13. Bxe4 Bb7 14. a4 b4 15. Bxd6 Qxd6 16. O-O h6 17. Qe2 f5 18. Bxc6 Bxc6 19. Ne5 Bd5 20. Nxc4 Qa6 21. b3 bxc3 22. Rfc1 Rab8 23. Rxc3 Rxb3 24. Rxb3 Bxc4 25. Qc2 {½-½ Kamsky,G (2665)-Demin,V (2430) Titled Tuesday intern op 11th May blitz 2021 (10)}) ({RR} 10... a5 11. Ne5 Qc7 12. f4 Bb7 13. O-O b4 14. axb4 axb4 15. Bh4 Rxa1 16. Qxa1 b3 17. Bd1 Nd7 18. Qb1 f6 19. Nxd7 Qxd7 20. Rf3 e5 21. fxe5 fxe5 22. Rh3 e4 23. Bg3 Ne7 24. Bxd6 Qxd6 25. Bg4 {½-½ Gillieron,K (1759)-Lee,P (1870) 57th Biel Rapid Open 2024 (7.52)}) ({RR} 10... a5 11. Ne5 Bb7 12. O-O b4 13. Ba4 Bxe5 14. Bxe5 bxc3 15. bxc3 Nxe5 16. dxe5 Nd7 17. Bxd7 Qxd7 18. Nf3 Rab8 19. Nd4 Bc6 20. h4 Ba4 21. Qg4 Rb2 22. h5 h6 23. Qf4 Rfb8 24. g4 Qe7 25. Kg2 {1-0 He,A (2337)-Yang,C (2139) RBI op Qualifier 2 blitz 2020 (5)}) 11. Bh4 Be7 12. Qb1 h6 13. h3 Ne8 14. g4 Bxh4 15. Nxh4 e5 16. g5 hxg5 17. Nhf3 e4 18. Nxg5 f6 19. Ngxe4 dxe4 20. Bxe4 f5 21. Bf3 Nf6 22. d5 Ne5 23. d6 Nxf3+ 24. Nxf3 Qc6 25. Ke2 Qxd6 26. Nd4 Qe5 27. Nc6 Qd6 28. Nd4 Ne4 29. Qg1 f4 30. Rd1 fxe3 31. Nf5 Qf6 32. Nxe3 Qf3+ 33. Ke1 Nxf2 34. Qg5 Qxh1+ 35. Ke2 Qf3+ 36. Ke1 Nxd1 0-1

[Event "45th Olympiad 2024"]
[Site "Budapest HUN"]
[Date "2024.09.14"]
[Round "4.85"]
[Board "1"]
[White "Enemchukwu Chinedu Benjamin"]
[Black "Hamperl, Fred"]
[Result "1-0"]
[WhiteElo "2001"]
[BlackElo "1977"]
[PlyCount "57"]
[EventDate "2024.09.11"]
[WhiteTeam "Saint Vincent and the Grenadines"]
[BlackTeam "Guernsey"]

1. e4 c5 2. d4 cxd4 3. c3 dxc3 4. Nxc3 Nc6 5. Nf3 e6 6. Bf4 Bb4 7. Bd3 d6 $146 ({RR} 7... Nge7 8. a3 Bxc3+ 9. bxc3 d5 10. e5 Ng6 11. Bg3 Qa5 12. Qd2 b6 13. O-O Ba6 14. Bxg6 hxg6 15. Rfe1 Qc5 16. Ng5 Rc8 17. Qf4 Rc7 18. Re3 Qc4 19. Qxc4 Bxc4 20. f4 Na5 21. Nf3 Kd7 22. Nd4 {0-1 Stasiowski,K (1507)-Gladysz,J (1784) POL-chT U19 2nd League 2012 (9)}) ({RR} 7... Nge7 8. O-O O-O 9. a3 Bxc3 10. bxc3 d5 11. e5 Ng6 12. Bg3 f5 13. exf6 Qxf6 14. c4 dxc4 15. Bxc4 Kh8 16. Re1 e5 17. Bd5 Bg4 18. h3 Bh5 19. Qb3 Bxf3 20. Qxf3 Nd4 21. Qxf6 gxf6 22. Bxb7 {0-1 Theodorou,N (2561)-So,W (2778) American Cup Blitz 2022 (1)}) ({RR} 7... Nge7 8. e5 d5 9. a3 Ba5 10. b4 Bc7 11. Qe2 Ng6 12. Bg3 Bb6 13. Rd1 a6 14. h4 Bd7 15. h5 Nge7 16. b5 Nd4 17. Qb2 Nxf3+ 18. gxf3 O-O 19. Qb1 h6 20. Rh4 Ba5 21. Rc1 Rc8 22. Qb3 {0-1 Burke,P-D'Arruda,R (2271) Titled Tue 30th Jan Late 2024 (3)}) ({RR} 7... Nge7 8. e5 Nd5 9. Bd2 Nxc3 10. bxc3 Bc5 11. Qe2 h6 12. Rd1 b6 13. O-O Bb7 14. Bb1 Qc7 15. Rfe1 O-O-O 16. a4 d6 17. exd6 Bxd6 18. c4 Bc5 19. a5 Nxa5 20. Bxa5 bxa5 21. Be4 Rxd1 22. Rxd1 {0-1 Burke,P-Espinosa,P (2116) Titled Tue 13th Dec Late 2022 (5)}) 8. O-O Bxc3 9. bxc3 e5 10. Be3 Nf6 11. h3 h6 12. Nh2 Be6 13. c4 b6 14. f4 exf4 15. Bxf4 Ne5 16. Qe2 Qc7 17. Rac1 Rc8 18. c5 bxc5 19. Bb5+ Bd7 20. Nf3 O-O 21. Ba6 Rcd8 22. Nxe5 dxe5 23. Bxh6 Qc6 24. Bg5 Nxe4 25. Bxd8 Ng3 26. Qxe5 Nxf1 27. Be7 Re8 28. Bxf1 Be6 29. Qxc5 1-0

[Event "45th Olympiad 2024"]
[Site "Budapest HUN"]
[Date "2024.09.14"]
[Round "4.85"]
[Board "2"]
[White "Rowe, Peter"]
[Black "Cottle, Brian S"]
[Result "0-1"]
[WhiteElo "1973"]
[BlackElo "1804"]
[PlyCount "158"]
[EventDate "2024.09.11"]
[WhiteTeam "Guernsey"]
[BlackTeam "Saint Vincent and the Grenadines"]

1. d4 d5 2. Nf3 Nf6 3. Bf4 e6 4. e3 Bb4+ 5. c3 Bd6 6. Bg3 a6 7. Bd3 Nc6 8. Nbd2 Bd7 9. Ne5 Qe7 $146 ({RR} 9... h6 10. O-O O-O 11. f4 Na7 12. Bh4 Be7 13. a4 Nc6 14. Bg3 Qc8 15. Qf3 a5 16. Rac1 Rb8 17. e4 dxe4 18. Nxe4 Qd8 19. Nxf6+ Bxf6 20. Qe4 Re8 21. Qh7+ Kf8 22. Ng4 Na7 23. Ne3 Bc6 24. Nf5 {1-0 Corredor Castellanos,C (1833)-Kromosoeto,B (1440) South America School-ch 2014 (6.3)}) 10. Qe2 h6 11. h4 h5 12. Ndf3 Ng4 13. Bf4 Bxe5 14. Nxe5 Ngxe5 15. dxe5 O-O-O 16. Bg3 Rdg8 17. O-O-O Na7 18. Kb1 Qc5 19. e4 dxe4 20. Bxe4 Bc6 21. f4 Nb5 22. Bxc6 Qxc6 23. c4 Na7 24. Bf2 b6 25. c5 b5 26. g3 g6 27. Rhe1 Rd8 28. a3 Rxd1+ 29. Rxd1 Rd8 30. Rxd8+ Kxd8 31. Qd2+ Kc8 32. Qa5 Kb7 33. Qd2 Qd5 34. Qc2 Nc6 35. Qc3 Qe4+ 36. Ka2 Ne7 37. Ka1 Nf5 38. b4 Qh1+ 39. Kb2 Kc6 40. Kb3 Qd5+ 41. Kb2 Qg2 42. Qc2 Qd5 43. Qc3 Nh6 44. Qc2 Qg2 45. Kc3 Ng4 46. Bd4 Qxg3+ 47. Qd3 Qxd3+ 48. Kxd3 Kd5 49. Bg1 Nh6 50. Be3 Nf5 51. Bf2 c6 52. Be1 Nd4 53. Bf2 Nf3 54. Bg3 Nd4 55. Bf2 Nf5 56. Be1 Ne7 57. Bc3 Ng8 58. Bd2 f6 59. Bc3 fxe5 60. Bxe5 Nh6 61. Bf6 Nf7 62. Bg7 e5 63. fxe5 Nxe5+ 64. Ke3 Nc4+ 65. Kf4 Ke6 66. Kg5 Kf7 67. Bc3 Nxa3 68. Kf4 Nc4 69. Kg5 Ne3 70. Bb2 Nd5 71. Ba3 Ne7 72. Bb2 Nf5 73. Bc3 Ng3 74. Be1 Nf1 75. Bc3 Ne3 76. Be1 Nd5 77. Bd2 Nf6 78. Be1 Nd7 79. Bf2 Ne5 0-1

[Event "45th Olympiad 2024"]
[Site "Budapest HUN"]
[Date "2024.09.14"]
[Round "4.85"]
[Board "3"]
[White "Schneider, James U"]
[Black "Brookfield, Toby"]
[Result "0-1"]
[WhiteElo "1486"]
[BlackElo "1872"]
[PlyCount "38"]
[EventDate "2024.09.11"]
[WhiteTeam "Saint Vincent and the Grenadines"]
[BlackTeam "Guernsey"]

1. e4 c5 2. Nc3 d6 3. Nf3 Nf6 4. Be2 Nc6 5. d4 cxd4 6. Nxd4 g6 7. Be3 Bg7 8. f3 O-O 9. Qd2 d5 10. Nxc6 bxc6 11. Rd1 Be6 12. O-O ({RR} 12. Bh6 Bxh6 13. Qxh6 Qb6 14. b3 dxe4 15. Nxe4 Nxe4 16. fxe4 Rad8 17. Bd3 Qa5+ 18. Qd2 Qxa2 19. Qc3 Bg4 20. Rc1 Qa3 21. Ra1 Qd6 22. Rxa7 Qf4 23. Qd2 Qf6 24. Qf2 Qc3+ 25. Qd2 Qc5 26. Qf2 Rd4 {0-1 Huynh,K (1287)-Batbold,N (1669) Eastern Asia-ch U16 2021 (4)}) 12... Qc7 13. a3 $146 ({RR} 13. Qc1 Rfd8 14. e5 Nd7 15. f4 Nb6 16. g4 Bc8 17. Bc5 Re8 18. Qe3 Nd7 19. Ba3 Qb6 20. Kf2 g5 21. fxg5 Nxe5 22. h3 Nxg4+ 23. hxg4 d4 24. Qe4 dxc3+ 25. Kg2 Be6 26. Bc4 Bd5 27. Bxd5 cxd5 {0-1 Zamfir,F (1856)-Kruckenhauser,A (2012) AUT-ch U16 Sankt Veit an der Glan 2019 (1)}) ({RR} 13. exd5 cxd5 14. Na4 Bf5 15. Nc5 Rfd8 16. c3 e5 17. b4 d4 18. cxd4 exd4 19. Bg5 a5 20. Rc1 axb4 21. Qxb4 Qa7 22. Kh1 Qxa2 23. Bc4 Qa7 24. g4 Bc8 25. Ne4 Nd5 26. Qe1 Be6 27. Qh4 Rdc8 {0-1 Nikolic,V (2285)-Dezelin,M (2318) SRB-chT2 East 2008 (2.3)}) 13... dxe4 14. fxe4 Ng4 15. Bf4 Qb6+ 16. Kh1 Nf2+ 17. Kg1 Nh3+ 18. Kh1 Qg1+ 19. Rxg1 Nf2# 0-1

[Event "45th Olympiad 2024"]
[Site "Budapest HUN"]
[Date "2024.09.14"]
[Round "4.86"]
[Board "2"]
[White "Stetsenko, Ilya"]
[Black "Heim, Colin Peter"]
[Result "1-0"]
[WhiteElo "1903"]
[BlackElo "1751"]
[PlyCount "43"]
[EventDate "2024.09.11"]
[WhiteTeam "Aruba"]
[BlackTeam "US Virgin Islands"]
[WhiteTeamCountry "ARN"]

1. Nf3 d5 2. e3 Nf6 3. c4 e6 4. b3 c5 5. Bb2 Be7 6. Be2 Nc6 7. cxd5 exd5 8. d4 O-O 9. O-O b6 10. Nc3 cxd4 ({RR} 10... Bg4 11. dxc5 bxc5 12. Rc1 Rc8 13. Na4 Ne4 14. Nd2 Bxe2 15. Qxe2 Nxd2 16. Qxd2 c4 17. bxc4 dxc4 18. Qxd8 Rfxd8 19. Rxc4 Nb4 20. Rxc8 Rxc8 21. Bd4 Nxa2 22. Bxa7 h5 23. g3 Kh7 24. Bd4 Rc1 25. Rxc1 {½-½ Buscher,M (2304)-Mollema,T (2241) Dutch League 2023-24 (6.7)}) 11. Nxd4 Nxd4 12. Qxd4 Bc5 13. Qd3 $146 ({RR} 13. Qh4 Ne4 14. Qxd8 Rxd8 15. Rfd1 Bb7 16. Nb5 Ba6 17. Kf1 Bb4 18. Nc7 Bxe2+ 19. Kxe2 Bc3 20. Nxa8 Bxb2 21. Nc7 Nc3+ 22. Kf1 Bxa1 23. Rxa1 Rd7 24. Na6 f5 25. Rc1 Ne4 26. Rc8+ Kf7 27. Nb8 Nd6 {1-0 Bleul,K-Delander,A GER-ch45 Kandidatenturnier04 1959 (11)}) ({RR} 13. Qf4 Bd6 14. Qh4 Bb7 15. Rad1 Rc8 16. Nb5 Be7 17. Bd3 g6 18. Qh6 Nh5 19. Ba3 Bxa3 20. Nxa3 f5 21. Nb5 Qe7 22. Nd4 Nf6 23. Qg5 Kh8 24. h4 Qe5 25. g3 Rc3 26. Rfe1 a6 27. Bb1 Rfc8 {1-0 Orso,M (2330)-Taskovits,I (2220) HUN-chT2 9394 1993}) 13... Bb7 14. Rfd1 Qd7 15. Bf3 Rad8 16. Ne2 Ne8 17. Nf4 Nc7 18. Qc3 f6 19. b4 Nb5 20. Qb3 Be7 21. Bxd5+ Bxd5 22. Rxd5 1-0